Valtioita satunnaisissa kuusikulmioissa maailmankartalla - Statistics

Yleistilastot
  • Tätä visaa on pelattu 2 934 kertaa
  • Keskiarvotulos 16 / 20
Vastaukset kartalla
Vastauksille on annettu kartalla punavihreä väri sen mukaan, kuinka moni on saanut sen oikein.
 
Vastaustilastot
Valtiot % Oikein
Kanada | Yhdysvallat
98%
Kanada | Yhdysvallat
97%
Kanada | Yhdysvallat
97%
Meksiko | Yhdysvallat
97%
Tanska | Islanti
97%
Andorra | Itävalta | Belgia | Ranska | Saksa | Italia | Liechtenstein | Luxemburg | Monaco | San Marino | Espanja | Sveitsi | Yhdistynyt kuningaskunta | Vatikaanivaltio
96%
Itävalta | Valko-Venäjä | Bosnia ja Hertsegovina | Kroatia | Tšekki | Saksa | Unkari | Italia | Latvia | Liettua | Moldova | Puola | Romania | Venäjä | Serbia | Slovakia | Slovenia | Ruotsi | Ukraina
96%
Kanada
96%
Kanada | Yhdysvallat
96%
Albania | Bosnia ja Hertsegovina | Bulgaria | Kroatia | Egypti | Kreikka | Italia | Kosovo | Libya | Malta | Montenegro | Pohjois-Makedonia | Romania | Serbia | Tunisia | Turkki
95%
Kanada | Yhdysvallat
95%
Suomi | Norja | Venäjä
95%
Guatemala | Meksiko
94%
Kanada
94%
Kanada
94%
Kanada | Yhdysvallat
94%
Kanada | Yhdysvallat
94%
Viro | Suomi | Latvia | Norja | Venäjä | Ruotsi
94%
Argentiina | Bolivia | Brasilia | Chile | Paraguay | Peru
93%
Kanada
93%
Meksiko | Yhdysvallat
93%
Yhdysvallat
93%
Bahama | Belize | Kuuba | Guatemala | Jamaika | Meksiko | Yhdysvallat
92%
Brasilia | Ranska | Suriname
92%
Kiina | Japani | Pohjois-Korea | Venäjä | Etelä-Korea
92%
Kiina | Mongolia | Venäjä
92%
Tanska
92%
Antigua ja Barbuda | Bahama | Barbados | Kolumbia | Kuuba | Dominica | Dominikaaninen tasavalta | Ranska | Grenada | Haiti | Jamaika | Alankomaat | Saint Kitts ja Nevis | Saint Lucia | Saint Vincent ja Grenadiinit | Trinidad ja Tobago | Yhdysvallat | Venezuela
91%
Belgia | Tanska | Saksa | Alankomaat | Norja | Ruotsi | Yhdistynyt kuningaskunta
91%
Belize | Kolumbia | Costa Rica | El Salvador | Guatemala | Honduras | Meksiko | Nicaragua | Panama | Venezuela
91%
Kanada
91%
Kanada
91%
Kanada | Tanska
91%
Kiina | Kazakstan | Mongolia | Venäjä
91%
Marokko | Portugali | Espanja
91%
Meksiko | Yhdysvallat
91%
Venäjä
91%
Algeria | Mali | Mauritania | Marokko | Espanja
90%
Kanada
90%
Kazakstan | Venäjä | Uzbekistan
90%
Kiina | Japani | Venäjä
90%
Kiina | Mongolia | Venäjä
90%
Valko-Venäjä | Viro | Suomi | Latvia | Venäjä | Ukraina
90%
Venäjä
90%
Bolivia | Brasilia | Kolumbia | Peru
89%
Kanada
89%
Kazakstan | Venäjä
89%
Algeria | Tšad | Egypti | Libya | Niger | Sudan
88%
Armenia | Azerbaidžan | Bulgaria | Georgia | Iran | Moldova | Romania | Venäjä | Turkki | Ukraina
88%
Brasilia
88%
Djibouti | Egypti | Eritrea | Etiopia | Saudi-Arabia | Somalia | Etelä-Sudan | Sudan | Jemen
88%
Venäjä
88%
Venäjä
88%
Afganistan | Armenia | Azerbaidžan | Georgia | Iran | Irak | Kazakstan | Venäjä | Turkki | Turkmenistan | Uzbekistan
87%
Brasilia | Kolumbia | Guyana | Peru | Suriname | Trinidad ja Tobago | Venezuela
87%
Kypros | Egypti | Iran | Irak | Israel | Jordania | Kuwait | Libanon | Saudi-Arabia | Syyria | Turkki
87%
Tanska
87%
Tanska
87%
Venäjä
87%
Venäjä
87%
Yhdysvallat
87%
Afganistan | Kiina | Intia | Iran | Nepal | Pakistan | Tadžikistan | Turkmenistan | Uzbekistan
86%
Benin | Burkina Faso | Kamerun | Päiväntasaajan Guinea | Gabon | Ghana | Norsunluurannikko | Liberia | Nigeria | São Tomé ja Príncipe | Togo
86%
Bolivia | Brasilia
86%
Venäjä
86%
Venäjä
86%
Argentiina | Chile | Uruguay
85%
Bangladesh | Bhutan | Kiina | Intia | Myanmar | Nepal
85%
Kiina | Filippiinit | Taiwan
85%
Mongolia | Venäjä
85%
Australia | Itä-Timor | Indonesia
84%
Intia | Pakistan
84%
Venäjä
84%
Venäjä
84%
Argentiina | Brasilia | Paraguay | Uruguay
83%
Irlanti | Yhdistynyt kuningaskunta
83%
Kambodža | Kiina | Laos | Myanmar | Thaimaa | Vietnam
83%
Kiina | Mongolia
83%
Venäjä
83%
Venäjä
83%
Afganistan | Bahrain | Iran | Kuwait | Oman | Pakistan | Qatar | Saudi-Arabia | Yhdistyneet arabiemiraatit | Jemen
82%
Algeria | Benin | Burkina Faso | Ghana | Mali | Mauritania | Niger | Nigeria | Togo
82%
Argentiina | Chile | Yhdistynyt kuningaskunta
82%
Kongon demokraattinen tasavalta | Etiopia | Kenia | Somalia | Etelä-Sudan | Sudan | Tansania | Uganda
82%
Venäjä
82%
Afganistan | Kiina | Kazakstan | Kirgisia | Tadžikistan | Turkmenistan | Uzbekistan
81%
Algeria | Libya | Marokko | Espanja | Tunisia
81%
Australia | Indonesia | Papua-Uusi-Guinea
81%
Botswana | Lesotho | Namibia | Etelä-Afrikka
81%
Kolumbia | Ecuador | Peru
81%
Tanska
81%
Venäjä
81%
Yhdysvallat
81%
Angola | Botswana | Kongon demokraattinen tasavalta | Mosambik | Namibia | Sambia | Zimbabwe
80%
Australia
80%
Brasilia | Ranska | Suriname
80%
Etiopia | Oman | Somalia | Jemen
80%
Japani
79%
Brunei | Kambodža | Indonesia | Malesia | Singapore | Thaimaa | Vietnam
78%
Australia
77%
Burkina Faso | Kap Verde | Gambia | Guinea | Guinea-Bissau | Norsunluurannikko | Liberia | Mali | Mauritania | Senegal | Sierra Leone
75%
Komorit | Kongon demokraattinen tasavalta | Ranska | Kenia | Malawi | Mosambik | Tansania | Sambia
75%
Botswana | Swazimaa | Madagaskar | Malawi | Mosambik | Etelä-Afrikka | Zimbabwe
74%
Kamerun | Keski-Afrikan tasavalta | Tšad | Kongon demokraattinen tasavalta | Niger | Nigeria | Etelä-Sudan | Sudan
74%
Intia | Indonesia | Myanmar | Sri Lanka | Thaimaa
73%
Indonesia
72%
Angola | Burundi | Kamerun | Keski-Afrikan tasavalta | Kongon demokraattinen tasavalta | Gabon | Kongon tasavalta | Ruanda | Tansania | Uganda
71%
Australia
71%
Kiina | Myanmar
71%
Australia
70%
Intia | Malediivit | Sri Lanka
68%
Malesia | Palau | Filippiinit
68%
Australia
67%
Uusi-Seelanti
67%
Australia
65%
Australia
65%
Australia | Uusi-Seelanti
65%
Chile
65%
Itä-Timor | Indonesia
65%
Ranska | Madagaskar | Mauritius
64%
Brasilia
63%
Peru
61%
Mikronesia | Indonesia | Palau
60%
Kap Verde
57%
Uusi-Seelanti
52%
Mikronesia | Nauru | Papua-Uusi-Guinea | Salomoninsaaret
51%
Fidži | Kiribati | Salomoninsaaret | Tuvalu | Vanuatu
49%
Fidži | Ranska | Tonga | Vanuatu
48%
Mikronesia | Marshallinsaaret
45%
Kiribati
43%
Kiribati | Marshallinsaaret
38%
Seychellit
37%
Angola
36%
Ranska | Salomoninsaaret | Vanuatu
36%
Kiribati
35%
Portugali
32%
Marshallinsaaret
24%
Ehtoja vastaavia visoja ei löytynyt
Tulosjakauma
Jokaisen tuloksen saaneiden osuus
Persentiili vastausten määrän mukaan
Tuloshistoriasi
Et ole pelannut tätä visaa